Tradičné obchodné cesty a ich vplyv na súčasný medzinárodný obchod bakalárska práca

Enregistré dans:
Détails bibliographiques
Auteur principal: Farkaš, Denis
Collectivité auteur: Obchodná fakulta EU. Katedra medzinárodného obchodu
Autres auteurs: Drieniková, Kristína, 1982-
Format: Livre
Langue:slovaque
Publié: Bratislava 2018
Tags: Ajouter un tag
Pas de tags, Soyez le premier à ajouter un tag!

MARC

LEADER 00000nbm a2200000 4500
001 0245064
005 20180926143314.0
041 0 |a slo 
044 |a SK 
245 1 0 |a Tradičné obchodné cesty a ich vplyv na súčasný medzinárodný obchod  |b bakalárska práca  |c Denis Farkaš ; školiteľ: Kristína Drieniková 
264 1 |a Bratislava  |c 2018 
300 |a 48 s. 
100 1 |a Farkaš, Denis 
700 1 |a Drieniková, Kristína, 1982- 
710 2 |a Obchodná fakulta EU. Katedra medzinárodného obchodu